000 01198cam a2200253 a 4500
001 1142967
005 20260420155712.0
008 950404r19961991nyu b 001 0 eng
020 _a0195100867
_qacid-free paper
020 _a9780195100860
_q(acid-free paper)
050 0 0 _aBR526
_b.B29 1996
082 0 0 _a280/.4/097309049
_220
100 1 _aBalmer, Randall Herbert.
245 1 0 _aGrant us courage :
_btravels along the mainline of American Protestantism /
_cRandall Balmer.
260 _aNew York :
_bOxford University Press,
_c1996.
300 _axiv, 154 p. ;
_c22 cm.
500 _a"The chapters in this book appeared in slightly different versions in The Christian century magazine between 1991 and 1994"--T.p. verso.
650 0 _aLiberalism (Religion)
_zUnited States
_xHistory
_y20th century.
650 0 _aLiberalism (Religion)
_xProtestant churches)
_xHistory
_y20th century.
650 0 _aProtestant churches
_zUnited States
_xHistory
_y20th century.
856 4 2 _3Publisher description
_uhttp://www.loc.gov/catdir/enhancements/fy0605/95016205-d.html
856 4 2 _3Contributor biographical information
_uhttp://www.loc.gov/catdir/enhancements/fy0724/95016205-b.html
942 _2lcc
_cBK
_n0
999 _c9301
_d9301